Dopady hospodárskej krízy na hodnotovú integrovanosť v Európskej únii
Príspevok sumarizuje kľúčové zistenia vo verejnej mienke medzi občanmi EÚ v percepcii aktuálnej ekonomickej situácie a v oblasti posilňovania práv občanov v rámci Európy.
Na minha lista:
| Autor principal: | |
|---|---|
| Formato: | Capítulo de Livro |
| Idioma: | eslovaco |
| Assuntos: | |
| Tags: |
Sem tags, seja o primeiro a adicionar uma tag!
|
MARC
| LEADER | 00000nla$a2200000$$$4500 | ||
|---|---|---|---|
| 001 | 0128044 | ||
| 005 | 20240502072447.8 | ||
| 041 | 0 | |a slo | |
| 044 | |a SK | ||
| 245 | 1 | 0 | |a Dopady hospodárskej krízy na hodnotovú integrovanosť v Európskej únii |c Oľga Plávková |
| 520 | |a Príspevok sumarizuje kľúčové zistenia vo verejnej mienke medzi občanmi EÚ v percepcii aktuálnej ekonomickej situácie a v oblasti posilňovania práv občanov v rámci Európy. | ||
| 610 | 2 | 0 | |a Európska únia |
| 610 | 2 | 0 | |a kríza hospodárska |
| 610 | 2 | 0 | |a mienka verejná |
| 100 | 1 | |a Plávková, Oľga | |